| 000 | 00421nam a2200145Ia 4500 | ||
|---|---|---|---|
| 008 | 230411s9999 xx 000 0 und d | ||
| 020 | _a978-93-86217-82-0 | ||
| 041 | _aeng | ||
| 082 | _aOG/610.7367/WAN/B09044 | ||
| 100 |
_aWani Reena & Walia Indarjit _9179989 |
||
| 245 | _aTextbook of Midwifery for Nurses | ||
| 260 |
_bCBS Publishers & Distributors _aNew Delhi _c2017 |
||
| 300 | _a708p | ||
| 999 |
_c158389 _d158389 |
||